| 000 | nam a22 a 4500 | ||
|---|---|---|---|
| 999 |
_c145565 _d145565 |
||
| 003 | BLK | ||
| 005 | 20230127120243.0 | ||
| 008 | 180410b bul|||||r ||||||| ||bul|| | ||
| 010 | _aKNG00151746000 | ||
| 040 | _aBLK | ||
| 041 |
_aBUL _cBUL |
||
| 080 |
_aФренска литература _b821.133.1 _x-93-34 _z821.133.1-93-34 |
||
| 100 | 1 |
_aЕме, Марсел _eпърви автор _9364301 |
|
| 139 |
_aЕме, Марсел _bЕ 59 |
||
| 245 | 1 | 0 |
_aЧервените и сините приказки на игривия котарак _bПриказки _cМарсел Еме; състав. и прев. от фр. Добринка Савова-Габровска; худож. Тоня Горанова; с послесл. от Людмила Стефанова. |
| 257 | _aFRA | ||
| 260 |
_aСофия _bОтечество _c1984 _fВ. Търново : Д. Найденов |
||
| 300 |
_a120 с. _bс ил. _c24 см |
||
| 380 | _aDX | ||
| 500 | _aПрев. е направен от Les contes rouges du chat perche ; Les contes bleus du chat perche / Marcel Ayme. - 56 115 тир. | ||
| 653 | _aприказки | ||
| 653 | _aдетска литература | ||
| 653 | _aлитература за деца | ||
| 700 | 1 |
_aСавова-Габровска, Добринка _eсъстав. и прев. от фр. _9370109 |
|
| 700 | 1 |
_aГоранова, Тоня _eхудож. _9372570 |
|
| 700 | 1 |
_aСтефанова, Людмила _eс послесл. от _gЙомтова, Людмила Стефанова _9368285 |
|
| 852 | _aЦб 262669 | ||
| 856 | 4 |
_qpdf _i0.49 _ldisable |
|
| 856 | 4 |
_qpdf _i0.49 _ldisable |
|
| 942 |
_cKNG _n0 _s1 |
||
| 944 |
_aCR _c14.10.2013 _l14.10.2013 - от С1,Р / 14.10.2013 _kИвелин_Чалов |
||
| 944 |
_aED _c27.09.2017 _l14.10.2013 - от С1,Р / 14.10.2013 _kКети_Илиева |
||
| 999 | _d145565 | ||